Evaluación de proyectos /

La principal novedad de esta edición es la incorporación del tema evaluación de centros de cómputo, donde se plantea la metodología necesaria para justificar la instalación de redes de área local en una empresa.

Detalles Bibliográficos
Autor principal: Baca Urbina, Gabriel
Formato: Libro
Lenguaje:español
Publicado: México McGraw-Hill 1995
Edición:3a.ed.
Materias:
Acceso en línea:

MARC

LEADER 00000cam a2200000 a 4500
001 019088
003 UAHC_CL
005 20170803121719.0
008 100115s1995 mx 000 spa
020 |a 9701007468 
040 |a UAHC_CL  |c UAHC_CL  |d UAHC_CL 
082 0 4 |a 658.404  |b B116  |2 20 
100 1 |a Baca Urbina, Gabriel 
245 1 0 |a Evaluación de proyectos /  |c Gabriel Baca Urbina. 
250 |a 3a.ed. 
260 |a México  |c 1995  |b McGraw-Hill 
300 |a 339 p. 
505 0 |a Elementos conceptuales y preparación de la evaluación -- Estudio del mercado -- Estudio técnico -- Estudio económico -- Evaluación económica -- Análisis y administración del riesgo -- Evaluación de proyectos en centros de cómputo. 
520 |a La principal novedad de esta edición es la incorporación del tema evaluación de centros de cómputo, donde se plantea la metodología necesaria para justificar la instalación de redes de área local en una empresa. 
650 4 |a ANALISIS DE INVERSIONES 
650 4 |a RIESGO (ECONOMIA) 
650 4 |a EVALUACION DE PROYECTOS 
653 |a ADMINISTRACION PUBLICA 
653 |a INGENIERIA COMERCIAL 
900 |a 658.404 BACE 
942 |c BK 
952 |0 0  |1 0  |4 0  |6 658_404000000000000_BACE  |7 0  |8 General  |9 38274  |a BC  |b BC  |c General  |d 2017-08-03  |l 0  |o 658.404 BACE  |p 1376282  |r 2026-01-13 00:00:00  |t 1  |w 2017-08-03  |y BK 
999 |c 19088  |d 19088